| 000 | 00730nam a22001695i 4500 | ||
|---|---|---|---|
| 001 | 155380 | ||
| 003 | ES-MaACL | ||
| 005 | 20230906210044.0 | ||
| 008 | 010314s1890 sp |||| | spa d | ||
| 040 |
_aCCPB | B _bspa _cCCPB | B |
||
| 100 | 1 |
_aHerrero y Moral, Enrique. _9127931 |
|
| 245 | 1 | 0 |
_aHistoria de la tres veces muy leal, dos veces muy noble, y fidelísima ciudad real de Requena _b: que comprende desde la más remota antiguedad hasta nuestros dias / _cobra original, escrita en 1889 y 1890 Enrique Herrero y Moral. |
| 260 |
_aValencia : _b[s.n.], _c1890 ( _fimprenta de Manuel Alufre) |
||
| 300 |
_aXII, 342 p. ; _c22 cm. |
||
| 651 | 4 |
_aRequena (Valencia)- _xHistoria. _9137333 |
|
| 852 |
_aES-MaACL _jB-4447 _z-- Rust. |
||
| 999 |
_c155380 _d155380 |
||